| 000 | 00854nam a2200265 a 4500 | ||
|---|---|---|---|
| 001 | 27902 | ||
| 003 | BD-RjUL | ||
| 005 | 20211209051220.0 | ||
| 008 | 140327s1936 nyuabcf b 001 0 eng d | ||
| 035 | _a(BD-RjUL)27982 | ||
| 040 |
_aDLC _cDLC _dBD-RjUL _beng |
||
| 041 | _aeng | ||
| 082 | 0 | 0 |
_a940.18 _bCHD 1936 |
| 100 | 1 |
_aCheyney, Edward Potts, _d1861-1947. _985576 |
|
| 245 | 1 | 4 |
_aThe dawn of a new era, 1250-1453 / _cby Edward P. Cheyney. |
| 260 |
_aNew York ; _aLondon : _bHarper & Brothers, _cc1936. |
||
| 300 |
_axi, 389 p., [32] p. plates : _bill. ; _c22 cm. |
||
| 490 | 1 | _aRise of modern Europe | |
| 500 | _aMaps on lining-papers. | ||
| 504 | _a"Bibliographical notes": p. [341]-378. Includes index. | ||
| 651 | 0 |
_aEurope _xHistory _y476-1492. _974533 |
|
| 830 | 0 |
_aRise of modern Europe _985580 |
|
| 942 |
_2ddc _cBK |
||
| 999 |
_c27902 _d27902 |
||